000
00250nam a22001097a 4500
999
_c
65153
_d
65150
082
_a
297.28 ب د ر
100
_a
مولانا بدر عالم صاحب
245
_a
ترجمان السنۃ
260
_a
کراچی
300
_a
۴۹۶
942
_c
BK